| 000 | 00407nam a2200145Ia 4500 | ||
|---|---|---|---|
| 008 | 220214s9999 xx 000 0 und d | ||
| 100 | _aRibeiro SI | ||
| 245 | 0 | _aGenotipic coefficient of determination for characters of nine rubber tree clones | |
| 260 |
_bPesquisa Agropecuaria Brasileira _c1984 |
||
| 300 | _a341-345 | ||
| 700 | _aBueno LCDS | ||
| 700 | _aPereira P | ||
| 700 | _aVento N | ||
| 942 | _cRE | ||
| 999 |
_c45766 _d45766 |
||